[Event "IECC Swiss email"]
[Site "IECC email"]
[Date "2000.03.28"]
[Round "?"]
[White "Pinkerton, Nick J"]
[Black "Lemmen, Ronald"]
[Result "1-0"]
[WhiteElo "1880"]
[BlackElo "1600"]
[PlyCount "61"]
[EventDate "2000.??.??"]
[EventType "tourn (corr)"]
[EventRounds "6"]
[SourceTitle "Corr 2008"]
[Source "ChessBase"]
[SourceDate "2008.06.24"]
[SourceVersion "1"]
[SourceVersionDate "2008.06.24"]
[SourceQuality "1"]

1. e4 c5 2. Nf3 d6 3. d4 cxd4 4. Nxd4 Nf6 5. Nc3 g6 6. Be3 Bg7 7. f3 Nc6 8. Qd2 0-0 9. Bc4 Bd7 10. 0-0-0 Ne5 11. Bb3 Qa5 12. g4 Rfc8 13. h4 Nc4 14. Bxc4 Rxc4 15. h5 Rac8 16. Nb3 Qa6 17. hxg6 fxg6 18. e5 Ne8 19. Qh2 h6 20. Bd4 Bf8 21. exd6 Nxd6 22. Qe5 Nf7 23. Qe3 b5 24. Kb1 b4 25. Ne4 Ba4 26. g5 e5 27. Nf6+ Kh8 28. Qe4 Kg7 29. Rxh6 Nxh6 30. gxh6+ Kf7 31. Ng4 1-0

[Event "IECC M email"]
[Site "IECC email"]
[Date "1999.07.01"]
[Round "?"]
[White "Lemmen, Ronald"]
[Black "Bass, Stanley"]
[Result "1/2-1/2"]
[WhiteElo "1604"]
[BlackElo "1689"]
[PlyCount "126"]
[EventDate "1999.??.??"]
[EventType "tourn (corr)"]
[EventRounds "6"]
[SourceTitle "Corr 2008"]
[Source "ChessBase"]
[SourceDate "2008.06.24"]
[SourceVersion "1"]
[SourceVersionDate "2008.06.24"]
[SourceQuality "1"]

1. e4 c5 2. Nf3 Nc6 3. d4 cxd4 4. Nxd4 e5 5. Nb5 a6 6. Nd6+ Bxd6 7. Qxd6 Qf6 8. Qd1 Nge7 9. Nc3 0-0 10. Be3 d6 11. Qd2 b5 12. Rd1 Rd8 13. Be2 Be6 14. Nd5 Qg6 15. 0-0 Nxd5 16. exd5 Bh3 17. Bf3 Ne7 18. c3 Rac8 19. Rfe1 Re8 20. Qd3 Qxd3 21. Rxd3 Bf5 22. Rd2 Ng6 23. h3 e4 24. Be2 Ne5 25. Bf4 f6 26. h4 Rc5 27. Rd4 Rec8 28. g4 Bg6 29. a4 Bf7 30. axb5 axb5 31. Rxe4 Bxd5 32. Rd4 Bf3 33. Rxd6 Bxe2 34. Rxe2 Nf3+ 35. Kf1 Nxh4 36. Bg3 Ng6 37. f3 h5 38. gxh5 Rxh5 39. Kf2 Kh7 40. Red2 Rcc5 41. Rd8 Ne5 42. Rd1 Kg6 43. f4 Nc4 44. b3 Nb2 45. R1d2 Rxc3 46. Rxb2 Rh3 47. f5+ Kxf5 48. Bb8 Rxb3 49. Rd5+ Kg4 50. Rxb5 Rxb2+ 51. Rxb2 Rf3+ 52. Kg2 f5 53. Rd2 f4 54. Ba7 Rg3+ 55. Kf1 g5 56. Bf2 Rb3 57. Kg2 Kf5 58. Rd5+ Kg6 59. Be1 g4 60. Bd2 Rb2 61. Kf1 Rb1+ 62. Kf2 Rd1 63. Ke2 Rh1 1/2-1/2